Catalog

Record Details

Catalog Search



Warlock : a novel of ancient Egypt  Cover Image Book Book

Warlock : a novel of ancient Egypt / Wilbur Smith.

Smith, Wilbur A. (Author).

Record details

  • ISBN: 0312278233
  • Physical Description: 549 pages ; 25 cm.
  • Publisher: New York : St. Martin's Press, 2001.
Subject: Paranormal fiction.
Egypt > Antiquities > Fiction.
Adventure stories.
Genre: Historical fiction.

LDR 00784cam a2200241 a 4500
001119998
003CONS
00520140703092840.0
008010215s2001 nyu 00 1 eng u
020 . ‡a0312278233
035 . ‡a(CPomAG)LMN398304
043 . ‡af-ua---
05000. ‡aPR9405.9.S5 ‡bW37 2001
1001 . ‡aSmith, Wilbur A.
24510. ‡aWarlock : ‡ba novel of ancient Egypt / ‡cWilbur Smith.
260 . ‡aNew York : ‡bSt. Martin's Press, ‡c2001.
300 . ‡a549 pages ; ‡c25 cm.
650 0. ‡aParanormal fiction.
651 0. ‡aEgypt ‡xAntiquities ‡vFiction.
655 7. ‡aHistorical fiction. ‡2gsafd
650 0. ‡aAdventure stories.
959 . ‡i32269000634686 ‡lF Smi ‡aAdult - Fiction ‡tFiction ‡g27.95
852 . ‡p32269000634686 ‡jF Smi ‡gAdult - Fiction ‡cFiction ‡y27.95 ‡bSBPL
901 . ‡a119998 ‡bUnknown ‡c119998 ‡tbiblio

Additional Resources